000 03281cam a2200397 i 4500
999 _c120807
_d120807
001 19046269
003 OSt
005 20210515115620.0
008 160407s2017 enk 101 0 eng
010 _a 2016016771
020 _a9781472452344 (hbk)
040 _aDLC
_beng
_cDLC
_erda
042 _apcc
050 0 0 _aK1096.A6
_bC655 2013
082 0 0 _a343.071 FAI
_223
111 2 _aConsumers, Credit and the Law Symposium
_d(2013 :
_cUniversity of Queensland)
245 1 0 _aCredit, consumers and the law :
_bAfter the global storm /
_cedited by Paul O'Shea, Karen Fairweather, Ross Grantham.
264 1 _aLondon ;
_aNew York, NY :
_bRoutledge,
_c2017.
300 _axxiv, 262 pages ;
_c26 cm.
336 _atext
_btxt
_2rdacontent
337 _aunmediated
_bn
_2rdamedia
338 _avolume
_bnc
_2rdacarrier
490 0 _aMarkets and the law
500 _aIncludes index.
500 _a"This book came about as a result of a symposium entitled "Consumer, Credit and the Law" that was held in Brisbane, Australia, in July 2013."--Acknowledgements, page [viii].
505 0 _aConsumer law : paternalism, fragmentation, and centralised enforcement / Paul O'Shea, Karen Fairweather and Ross Grantham; It's for your own good : legal paternalism and New Zealand consumer credit laws / Kate Tokeley; Credit : suitable for one or safe for everyone? / Gail Pearson; Responsible lending : consumer protection and prudential regulation perspectives / Onyeka Osuji; Can consumer law solve the problem of complexity in US consumer credit products? / Kathleen Engel; Making payday loans safer : the Australian approach to regulating small and medium sized loans / Nicola Howell; High cost credit in the United Kingdom : a philosophical justification for government intervention / Jodi Gardner; Apples and oranges? : responsible mortgage lending in the UK and Australia / Karen Fairweather; Sorting the sheep from the wolves in sheep's clothing : defining community development finance institutions as distinct from fringe lenders in efforts to address financial exclusion / Therese Wilson; Unfair contract terms legislation : is it good consumer law? / Paul O'Shea; The fragility of unfair terms law on bank charges: towards a complex re-litigation in the UK? / Mel Kenny and James Devenney; The regulation of unfair terms in non-professional suretyship agreements : lessons for the wider European Union harmonization agenda / James Devenney and Mel Kenny.
650 0 _aConsumer credit
_xLaw and legislation
_zEnglish-speaking countries
_vCongresses.
700 1 _aO'Shea, Paul
_c(Australian lawyer and law teacher),
_eeditor.
700 1 _aFairweather, Karen,
_eeditor.
700 1 _aGrantham, Ross,
_eeditor.
710 1 _aAustralian Centre for Private Law,
_esponsoring body.
776 0 8 _iOnline version:
_aConsumers, credit and the law symposium (2013 : University of Queensland)
_tCredit, consumers and the law
_dAbingdon, Oxon ; New York, NY : Routledge, 2016
_z9781315574752
_w(DLC) 2016018095
906 _a7
_bcbc
_corignew
_d1
_eecip
_f20
_gy-gencatlg
942 _2ddc
_cBK